LEADER 01087nam0-2200325 --450 001 9910419952003321 005 20210216130703.0 010 $a978-88-579-1036-9 100 $a20201021d2020---- 0muya01 5001ba ba 101 0 $aita 102 $aIT 105 $aa 001yy 200 1 $aAtlante delle strutture in acciaio$erassegna grafica di tipologie, collegamenti, progetti$fSebastiano Floridia 205 $a2. ed 210 $aPalermo$cD. Flaccovio$d[2020] 215 $a383 p.$cill.$d30 cm 300 $aSulla copertina: Guida a progettazione ed esecuzione di strutture in acciaio 517 1 $aGuida a progettazione ed esecuzione di strutture in acciaio 610 0 $aStrutture in acciaio$aProgettazione 676 $a624.1821$v23 700 1$aFloridia,$bSebastiano$0426245 801 0$aIT$bUNINA$gREICAT$2UNIMARC 901 $aBK 912 $a9910419952003321 952 $a13 SC III N 17$b3282 / 2020$fFINBC 952 $aTECN C 691$b102/2021$fFARBC 959 $aFARBC 959 $aFINBC 996 $aAtlante delle strutture in acciaio$91759581 997 $aUNINA LEADER 02622nas 2200745- 450 001 996321784203316 005 20231108213018.0 011 $a2816-4245 035 $a(OCoLC)1004551811 035 $a(CKB)991042728743970 035 $a(CONSER)--2023207456 035 $a(EXLCZ)99991042728743970 100 $a19820914a19779999 --- a 101 0 $aeng 135 $aurcnu|||||||| 181 $ctxt$2rdacontent 182 $cc$2rdamedia 183 $acr$2rdacarrier 200 10$aConnections $ebulletin of the International Network for Social Network Analysis 210 1$aToronto :$cInternational Network for Social Network Analysis,$d1977- 210 21$aTampa, Fla. :$cInternational Network for Social Network Analysis 210 31$a[Berlin] :$cWalter de Gruyter/Sciendo 215 $a1 online resource (volumes) 300 $aRefereed/Peer-reviewed 300 $aOfficial journal of the International Network for Social Network Analysis 311 $aPrint version: Connections (Toronto, Ont.) (DLC) 85643447 (DLC)cn 82030254 (OCoLC)8770470 0226-1766 320 $aIncludes bibliographical references. 531 $aCONNECT (TOR) 606 $aSocial structure$vPeriodicals 606 $aSociometry$vPeriodicals 606 $aSociology$xResearch$vPeriodicals 606 $aSociology$xMathematical models$vPeriodicals 606 $aSocial sciences$vPeriodicals 606 $aSociologie$xRecherche$vPériodiques 606 $aStructure sociale$vPériodiques 606 $aSociométrie$vPériodiques 606 $aSociologie$xModèles mathématiques$vPériodiques 606 $aSciences sociales$vPériodiques 606 $aSocial sciences$2fast 606 $aSocial structure$2fast 606 $aSociology$xMathematical models$2fast 606 $aSociology$xResearch$2fast 606 $aSociometry$2fast 608 $aPeriodicals$2fast 615 0$aSocial structure 615 0$aSociometry 615 0$aSociology$xResearch 615 0$aSociology$xMathematical models 615 0$aSocial sciences 615 6$aSociologie$xRecherche 615 6$aStructure sociale 615 6$aSociométrie 615 6$aSociologie$xModèles mathématiques 615 6$aSciences sociales 615 7$aSocial sciences 615 7$aSocial structure 615 7$aSociology$xMathematical models 615 7$aSociology$xResearch 615 7$aSociometry 676 $a302/.072 712 02$aInternational Network for Social Network Analysis, 906 $aJOURNAL 912 $a996321784203316 996 $aConnections$91916174 997 $aUNISA